000 00186 a2200097 4500
001 456
100 _aDurell,CV
245 _aAdvanced Algebra
260 _a
_bG Bell
_c
090 _c74
_d74
942 _aNUST-CAE
_cM
_c34044
999 _c235529
_d235529